[Sammelmappe mit Kleinschrifttum von der Jungen Union zu Neuen Religiösen Bewegungen (NRB)]: [1983-1996]
| Collectivité auteur: | |
|---|---|
| Type de support: | Imprimé Livre |
| Langue: | Allemand |
| Service de livraison Subito: | Commander maintenant. |
| Vérifier la disponibilité: | HBZ Gateway |
| Interlibrary Loan: | Interlibrary Loan for the Fachinformationsdienste (Specialized Information Services in Germany) |
| Publié: |
[Deutschland]
[zwischen 1983 und 1996]
|
| Dans: | Année: 1983 |
| Sujets non-standardisés: | B
Secte
B Psychoculte B Nouvelles religions B Religion des jeunes B Scientologie |
| Sammlungen: |
MARC
| LEADER | 00000cam a22000002c 4500 | ||
|---|---|---|---|
| 001 | 1878029983 | ||
| 003 | DE-627 | ||
| 005 | 20240114001210.0 | ||
| 007 | tu | ||
| 008 | 240113s1983 xx ||||| 00| ||ger c | ||
| 035 | |a (DE-627)1878029983 | ||
| 035 | |a (DE-599)KXP1878029983 | ||
| 040 | |a DE-627 |b ger |c DE-627 |e rda | ||
| 041 | |a ger | ||
| 084 | |a 0 |2 ssgn | ||
| 084 | |a BE 9200-BE 9270 |2 rvk |0 (DE-625)rvk/10845: | ||
| 245 | 0 | 0 | |a [Sammelmappe mit Kleinschrifttum von der Jungen Union zu Neuen Religiösen Bewegungen (NRB)] |b [1983-1996] |c Junge Union Deutschlands |
| 264 | 1 | |a [Deutschland] |c [zwischen 1983 und 1996] | |
| 300 | |a 1 Box (13 Einheiten) | ||
| 336 | |a Text |b txt |2 rdacontent | ||
| 337 | |a ohne Hilfsmittel zu benutzen |b n |2 rdamedia | ||
| 338 | |a Band |b nc |2 rdacarrier | ||
| 601 | |a Kleinschrifttum | ||
| 650 | 0 | 7 | |0 (DE-588)4279419-5 |0 (DE-627)104374969 |0 (DE-576)210744189 |a Neue Religion |2 gnd |
| 650 | 0 | 7 | |0 (DE-588)4077343-7 |0 (DE-627)106080474 |0 (DE-576)209204761 |a Sekte |2 gnd |
| 650 | 0 | 7 | |0 (DE-588)4028926-6 |0 (DE-627)106276476 |0 (DE-576)208980105 |a Jugendreligion |2 gnd |
| 650 | 0 | 7 | |0 (DE-588)4332478-2 |0 (DE-627)148050263 |0 (DE-576)211332232 |a Psychokult |2 gnd |
| 650 | 0 | 7 | |0 (DE-588)4054027-3 |0 (DE-627)106164384 |0 (DE-576)209106905 |a Scientology |2 gnd |
| 710 | 2 | |a Junge Union Deutschlands |e Herausgebendes Organ |4 isb | |
| 936 | r | v | |a BE 9200-BE 9270 |b Einzeldarstellungen |k Theologie und Religionswissenschaften |k Religionswissenschaft |k Religionsgeschichte |k Religiöse Zeitgeschichte |k Religiöse Bewegungen, Religiöse Strömungen; Neue Religionen |k Einzeldarstellungen |0 (DE-627)1273431707 |0 (DE-625)rvk/10845: |0 (DE-576)203431707 |
| 951 | |a BO | ||
| ELC | |b 1 | ||
| LOK | |0 000 xxxxxcx a22 zn 4500 | ||
| LOK | |0 001 4457462004 | ||
| LOK | |0 003 DE-627 | ||
| LOK | |0 004 1878029983 | ||
| LOK | |0 005 20240325134142 | ||
| LOK | |0 008 240113||||||||||||||||ger||||||| | ||
| LOK | |0 035 |a (DE-Tue135)REMID492344817 | ||
| LOK | |0 040 |a DE-Tue135 |c DE-627 |d DE-Tue135 | ||
| LOK | |0 092 |o n | ||
| LOK | |0 852 |a DE-Tue135 | ||
| LOK | |0 852 1 |9 00 | ||
| LOK | |0 866 |x SPQUE#Universitätsbibliothek Marburg#SPSAM#Archiv des Religionswissenschaftlichen Medien- und Informationsdienstes e. V. (REMID) | ||
| LOK | |0 935 |a remi | ||
| LOK | |0 939 |a 13-01-24 |b l01 | ||
| ORI | |a SA-MARC-ixtheoa001.raw | ||
| REL | |a 1 | ||
| STA | 0 | 0 | |a New religion,New religion,New religious movement,Psycho-cult,Scientology,Sect,Cult,Youth religion |
| STB | 0 | 0 | |a Nouvelles religions,Nouvelles religions,Psychoculte,Psychosecte,Psychosecte,Religion des jeunes,Religion pour les jeunes,Religion pour les jeunes,Scientologie,Secte |
| STC | 0 | 0 | |a Cientología,Culto psico,Religión juvenil,Religión nueva,Religión nueva,Secta |
| STD | 0 | 0 | |a Nuove religioni,Nuove religioni,Psicoculto,Psicosetta,Psicosetta,Religione giovanile,Scientology,Setta |
| STE | 0 | 0 | |a 山达基,基督教科学派,心理崇拜,教派,派别,新宗教,青年宗教,青少年宗教 |
| STF | 0 | 0 | |a 山達基,基督教科學派,心理崇拜,教派,派別,新宗教,青年宗教,青少年宗教 |
| STG | 0 | 0 | |a Cientologia,Culto psico,Religião juvenil,Religião nova,Religião nova,Seita |
| STH | 0 | 0 | |a Молодёжная религия,Религия для молодёжи,Новая религия (мотив),Новая религия,Психокульт,Секта,Сиентология |
| STI | 0 | 0 | |a Αίρεση,Θρησκεία της νεολαίας,Λατρεία της ψυχής,Νέα θρησκεία (μοτίβο),Νέα θρησκεία,Σαηεντολογία,Scientology |
| SUB | |a REL | ||
| SYE | 0 | 0 | |a Neureligion,Neureligiöse Bewegung,Neue religiöse Bewegung,Neue Glaubensgemeinschaft , Sekten , Jugendsekte,Jugendreligionen , Psychogruppe,Psychosekte |



